000 00521nam a2200169Ia 4500
008 190509s9999 xx 000 0 und d
100 _aWolf, Carolyn Reinach
245 _aPrevention, not reaction/
245 _cCarolyn Reinach Wolf
260 _bSussex Publisher
260 _c2018
300 _aPages 46-48, November/December 2018
440 _aPsychology Today: 7 amazing things your mind can do
_v1/2/1900 3:06:00 AM
650 _achild protection
650 _amass shootings
650 _aschool communities
999 _c361798
_d361798